000 00565nam a22001577a 4500
008 151124b xxu||||| |||| 00| 0 eng d
020 _a0534535569
050 _aBF 637 .C45 2001
100 _aApple Charles G
_d2001
245 _aMedia guide for interpersonal communication/
_cCharles G. Apple
260 _aBelmont, CA :
_bWadsworth,
_c©2001.
300 _a202p. ;
_c28 cm.
650 _aInterpersonal communication.
650 _aInterpersonal communication
_vStudy and teaching
_xAudio-visual aids.
942 _2lcc
_cBOOKS
_hBF 637 .C45 2001
999 _c10135
_d10135